00826nam a2200253Ia 450000500170000000800410001702000150005804100080007308200190008110000240010024500580012425000220018230000250020449000230022965000390025265000360029165000360032765000370036326400490040033600270044933700330047633800280050904000350053720220316235554.0121119s1998 mx gr 000 0 spa  a968165658X0 aspa04a001.4209bP27E1 aPérez Tamayo, Ruy10aExiste el método científico? cRuy Pérez Tamayo aPrimera edición a297 páginasc21 cm0 aCiencia para todos14aInvestigación científica2LEMB14aFilosofía de la ciencia2LEMB14aTeoría del conocimiento2LEMB14aMetodología científica2LEMB aMéxicobFondo de Cultura Económicac1998 atextobtxt2rdacontent asin mediaciónbn2rdamedia avolumenbnc2rdacarrier aCO-BoRNBPbspaerdacCO-BoRNBP